| 000 | 00412nam a2200169Ia 4500 | ||
|---|---|---|---|
| 008 | 151213s9999 xx 000 0 und d | ||
| 020 | _a984-70020-0060-4 | ||
| 100 | _aDr.S.Sin | ||
| 245 |
_aThe Adventures of Huckleberry Finn _cDr.S.Sin |
||
| 250 | _a1st | ||
| 260 |
_aDhaka _bFriends Book Corner _c2007 |
||
| 300 | _a7120 p. | ||
| 650 | _aEnglish | ||
| 650 | _aEnglish | ||
| 700 | _aDr.S.Sin | ||
| 999 |
_c3767 _d3767 |
||